[Photograph of a dinner given by the Hampshire, Kent and Sussex branches of the National Association of Auctioneers, House Agents, Rating Surveyors and Valuers for the President, H. Marshall, held at the Ship Hotel, Brighton, on 9 April 1938 (Record no. 116811)

MARC details
000 -LEADER
fixed length control field 00857ckm a22002175a 4500
001 - CONTROL NUMBER
control field L156586
008 - FIXED-LENGTH DATA ELEMENTS--GENERAL INFORMATION
fixed length control field 071001e19380409xxk eng u
035 ## - SYSTEM CONTROL NUMBER
System control number (Sirsi) u156586
041 0# - LANGUAGE CODE
Language code of text/sound track or separate title eng
110 1# - MAIN ENTRY--CORPORATE NAME
Corporate name or jurisdiction name as entry element National Association of Auctioneers, House Agents, Rating Surveyors and Valuers
9 (RLIN) 4989
245 01 - TITLE STATEMENT
Title [Photograph of a dinner given by the Hampshire, Kent and Sussex branches of the National Association of Auctioneers, House Agents, Rating Surveyors and Valuers for the President, H. Marshall, held at the Ship Hotel, Brighton, on 9 April 1938
Medium [graphic]
260 ## - PUBLICATION, DISTRIBUTION, ETC.
Date of publication, distribution, etc. 9 April 1938
300 ## - PHYSICAL DESCRIPTION
Extent 1 photograph
Other physical details b&w
Dimensions 25 x 20 cm.
340 ## - PHYSICAL MEDIUM
Material base and configuration Photograph
351 ## - ORGANIZATION AND ARRANGEMENT OF MATERIALS
Hierarchical level Single item
500 ## - GENERAL NOTE
General note Photograph of guests at a dinner.
651 4# - SUBJECT ADDED ENTRY--GEOGRAPHIC NAME
Geographic name Great Britain
Chronological subdivision 1707-
690 ## - LOCAL SUBJECT ADDED ENTRY--TOPICAL TERM (OCLC, RLIN)
Topical term or geographic name as entry element Auctioneering
9 (RLIN) 6218
690 ## - LOCAL SUBJECT ADDED ENTRY--TOPICAL TERM (OCLC, RLIN)
Topical term or geographic name as entry element Valuation
9 (RLIN) 6273
942 ## - ADDED ENTRY ELEMENTS (KOHA)
Suppress in OPAC 0
Holdings
Withdrawn status Lost status Source of classification or shelving scheme Damaged status Not for loan Home library Current library Shelving location Date acquired Total Checkouts Full call number Barcode Date last seen Copy number Price effective from Koha item type
    Dewey Decimal Classification     Historic collection Historic collection RICS Boxes 11/06/2012   RICS 1938/2 30076940 06/08/2019 1 06/08/2019 Archive